00393nam a22001457a 450000500170000000800410001703700090005804000150006704100080008210000250009024500700011526000400018530000090022536500130023420260325132110.0260325b |||||||| |||| 00| 0 eng d cDSWL aDSWLcDSWL heng aRadha Krishna, Meena aDishonored by history criminal tribes and British colonial policy aNew Delhi,bOrient Blackswan,c2001 a224p aINRb695